| 000 | 00892cam a22001934a 4500 | ||
|---|---|---|---|
| 005 | 20250605164203.0 | ||
| 008 | 250528s ||||||||||||||||||||||||d | ||
| 035 | _a19789 | ||
| 020 | _a9604031929 | ||
| 040 |
_aGR-AtMCL _bgre _dGR-AtMCL _eAACR2 |
||
| 245 | 1 | _aCambridge CAE - Practice Tests / For the Certificate in Advanced Examinations 2 | |
| 260 |
_bNew Editions, _c2005 |
||
| 300 | _a232 | ||
| 520 | _aThis book has been designed to familiarize students with the exact format of each part of the Cambridge Certificate in Advanced English examination as well as to expand their vocabulary and improve the skills required in the examination. Introduction, Tests One to Six, Photographs for Speaking Papers, Appendices, Verbs Taking Prepositions, Verb - Noun - Adjective - Phrase Relationships. | ||
| 700 | 1 |
_aJames Philip _95981 |
|
| 942 | _cBK | ||
| 999 |
_c5041 _d5041 |
||